Paris 2024 Olympics Athletics/Track and Field part 8: Men's Pole Vault - Statistics

General Stats
  • This quiz has been taken 31 times
    30 since last reset
  • The average score is 18 of 43
Answer Stats
Event Result Athlete Nationality % Correct
Men's Pole Vault Final 6,25 (WR) Armand Duplantis Sweden
100%
Men's Pole Vault Qualification 5,75 Armand Duplantis Sweden
100%
Men's Pole Vault Final 5,95 (SB) Sam Kendricks Usa
77%
Men's Pole Vault Qualification 5,75 Sam Kendricks Usa
77%
Men's Pole Vault Final 5,90 Ernest John Obiena Phillipines
69%
Men's Pole Vault Qualification 5,75 Ernest John Obiena Phillipines
69%
Men's Pole Vault Final 5,90 Emmanouil Karalis Greece
65%
Men's Pole Vault Qualification 5,75 Emmanouil Karalis Greece
65%
Men's Pole Vault Final 5,85 (SB) Ersu Sasma Turkey
58%
Men's Pole Vault Qualification 5,75 Ersu Sasma Turkey
58%
Men's Pole Vault Final 5,85 Kurtis Marschall Australia
58%
Men's Pole Vault Qualification 5,70, Kurtis Marschall Australia
58%
Men's Pole Vault Qualification 5,60 Piotr Lisek Poland
54%
Men's Pole Vault Final 5,70 Menno Vloon Netherlands
50%
Men's Pole Vault Qualification 5,75 Menno Vloon Netherlands
50%
Men's Pole Vault Qualification 5,60 Simen Guttormsen Norway
42%
Men's Pole Vault Final 5,80 (SB) Sondre Guttormsen Norway
42%
Men's Pole Vault Qualification 5,75 (=SB) Sondre Guttormsen Norway
42%
Men's Pole Vault Qualification 5,70 Thibaut Collet France
42%
Men's Pole Vault Qualification 5,60 Ben Broeders Belgium
38%
Men's Pole Vault Final 5,70 Bo Kanda Lita Baehre Germany
38%
Men's Pole Vault Qualification 5,75 Bo Kanda Lita Baehre Germany
38%
Men's Pole Vault Qualification 5,40 Christopher Nilsen Usa
38%
Men's Pole Vault Final 5,50 Valters Kreiss Latvia
31%
Men's Pole Vault Qualification 5,70 Valters Kreiss Latvia
31%
Men's Pole Vault Qualification 5,60 Anthony Ammirati France
27%
Men's Pole Vault Final 5,70 Oleg Zernikel Germany
27%
Men's Pole Vault Qualification 5,75 Oleg Zernikel Germany
27%
Men's Pole Vault Qualification DNS Pal Haugen Lillefosse Norway
27%
Men's Pole Vault Qualification 5,40 Torben blech Germany
27%
Men's Pole Vault Qualification 5,40 Urho Kujanpaa Finland
27%
Men's Pole Vault Final 5,80 (PB) Bokai Huang China
23%
Men's Pole Vault Qualification 5,75 (=PB) Bokai Huang China
23%
Men's Pole Vault Qualification 5,70 (SB) Claudio Michel Stecchi Italy
23%
Men's Pole Vault Qualification 5,60 Jacob Wooten Usa
23%
Men's Pole Vault Qualification 5,60 Jie Yao China
23%
Men's Pole Vault Qualification 5,40 Robin Emig France
23%
Men's Pole Vault Qualification 5,60 David Holy Czechia
19%
Men's Pole Vault Qualification 5,40 Pedro Buaro Portugal
19%
Men's Pole Vault Qualification 5,60 Robert Sobera Poland
19%
Men's Pole Vault Qualification NM Hussain Asim Al Hizam Saudi Arabia
15%
Men's Pole Vault Qualification 5,40 Matej Scerba Czechia
15%
Men's Pole Vault Qualification 5,40 Tao Zhong China
15%
No matching quizzes found
Score Distribution
Percent of People with Each Score
Percentile by Number Answered
Your Score History
You have not taken this quiz since the last reset